all Hozier songs - Statistics

General Stats
  • This quiz has been taken 3,322 times
    1,202 since last reset
  • The average score is 40 of 66
Answer Stats
album song % Correct
Hozier Take Me to Church
98%
Cherry Wine - Live
85%
Unheard EP Too Sweet
85%
Wasteland, Baby!
84%
Jackie and Wilson
82%
Unreal Unearth De Selby (Part 1)
81%
De Selby (Part 2)
81%
Wasteland, Baby! Nina Cried Power (feat. Mavis Staples)
77%
Angel of Small Death and the Codeine Scene
76%
Francesca
76%
From Eden
75%
Nobody
75%
Someone New
74%
Eat Your Young
73%
Work Song
73%
Movement
72%
Be
71%
Be (Acoustic)
71%
Shrike
71%
(special edition) Shrike - Live at Windmill Lane Studios
71%
Almost (Sweet Music)
69%
Unknown / Nth
68%
Would That I
68%
Like Real People Do
67%
Talk
67%
I, Carrion (Icarian)
65%
Wildflower and Barley (feat. Allison Russell)
65%
Abstract (Psychopomp)
64%
First Light
64%
Sunlight
63%
First Time
62%
Foreigner's God
62%
In a Week (feat. Karen Cowley)
62%
Unaired EP Nobody's Soldier
62%
July
61%
Dinner & Diatribes
60%
Run
60%
Sedated
60%
It Will Come Back
58%
NFWMB
58%
Son of Nyx
57%
(expanded edition) In the Woods Somewhere
56%
Swan Upon Leda
56%
To Someone From A Warm Climate (Uiscefhuaraithe)
56%
All Things End
55%
To Noise Making (Sing)
55%
To Be Alone
54%
singles/other Arsonist's Lullabye
53%
Butchered Tongue
53%
Empire Now
53%
No Plan
52%
Who We Are
52%
Damage Gets Done (feat. Brandi Carlile)
50%
As It Was
49%
Unending EP Hymn to Virgil
44%
Through Me (The Flood)
43%
Fare Well
41%
Anything But
40%
Moment's Silence (Common Tongue)
39%
That You Are
38%
Jackboot Jump
33%
Why Would You Be Loved
33%
The Bones
27%
Tell It To My Heart
26%
Better Love
22%
The Parting Glass
19%
No matching quizzes found
Score Distribution
Percent of People with Each Score
Percentile by Number Answered
Your Score History
You have not taken this quiz since the last reset